The statistics of bioassay : with special reference to the vitamins.

Bibliographic Details
Main Author: Bliss, C. I. (Chester Ittner), 1899-1979
Format: Book
Language:English
Published: New York : Academic Press, 1952.
Subjects:

MARC

Tag First Indicator Second Indicator Subfields
LEADER 00000cam a2200000 4500
001 in00000047378
005 20151007071443.0
008 750728r1952 nyua b 00000 eng u
010 |a  53000079  
035 |a (OCoLC)01483013 
035 |9 AAE6000AM 
040 |c NED  |d TXA  |d UtOrBLW 
049 |a TXAM  |c [223298] 
050 0 |a RS190.V5  |b B55 
082 0 |a 612.015072 
100 1 |a Bliss, C. I.  |q (Chester Ittner),  |d 1899-1979. 
245 1 4 |a The statistics of bioassay :  |b with special reference to the vitamins. 
264 1 |a New York :  |b Academic Press,  |c 1952. 
300 |a 445-628 pages :  |b illustrations ;  |c 24 cm. 
336 |a text  |b txt  |2 rdacontent 
337 |a unmediated  |b n  |2 rdamedia 
338 |a volume  |b nc  |2 rdacarrier 
500 |a "Reprinted, with additions, from Vitamin methods, volume II." 
504 |a Includes bibliography. 
650 0 |a Vitamins. 
650 0 |a Biological assay. 
740 0 |a Bioassay. 
999 |a MARS 
999 f f |s e778c770-b65a-39df-ac92-d0691a90478c  |i ee04b8fc-7ace-3406-9daf-7562975315aa  |t 0 
952 f f |p ric  |a Texas A&M University  |b Rellis Campus  |c Joint Library Facility  |d Remote Storage  |t 0  |e RS190.V5 B55  |h Library of Congress classification  |i unmediated -- volume  |m A14800973056 
998 f f |a RS190.V5 B55  |t 0  |l Remote Storage